000 00329nam a2200121 a 4500
005 20141022142003.0
008 090305s19uu xx 00 eng d
050 _aVCD
_bM46 2004
245 _aMedication administration :
_bRoutes of Administration.
650 _aVCD NUR
650 _aRoutes of the administration
942 _cAVM
999 _c276413
_d276413